| 000 | 00729nam a2200145Ia 4500 | ||
|---|---|---|---|
| 008 | 090124s9999 xx 000 0 und d | ||
| 082 | _b35701 | ||
| 245 | _a फुलोरा (व्यक्तिविकासाच्या मनोवैज्ञानिक मागोवा ) | ||
| 250 | _a0 | ||
| 260 |
_bबर्वे राजेंद्र / बर्वे ललिता _c2000 |
||
| 300 | _a211 | ||
| 630 | _a फुलोरा (व्यक्तिविकासाच्या मनोवैज्ञानिक मागोवा ) | ||
| 730 | _a फुलोरा (व्यक्तिविकासाच्या मनोवैज्ञानिक मागोवा ) | ||
| 942 | _cBOOK | ||
| 999 |
_c200830 _d200830 |
||